000 02125nam a2200541Ii 4500
001 DIGSEXPIS0089
003 NyNyDIG
006 m o d
007 cr |||||||||||
008 230610s2021 sp o 000 0aspa d
035 _a(OCoLC)1382358383
040 _aDGITA
_beng
_erda
_epn
_cDGITA
020 _a9788418342349
_qeBook
020 _z9788417517885
041 1 _aspa
_heng
043 _an-us---
050 1 4 _aRC280.B8 ebook
082 0 4 _a616.994490092
_223
100 1 _aBoyer, Anne,
_d1973-
_eauthor.
240 1 0 _aUndying.
_lSpanish
_s(Gonzalo de Jesús)
245 1 0 _aDesmorir :
_buna reflexión sobre la enfermedad en un mundo capitalista /
_cAnne Boyer ; traducción de Patricia Gonzalo de Jesús.
250 _aPrimera edición.
264 1 _aMadrid, España :
_bSexto Piso,
_c2021.
300 _a1 online resource.
336 _atext
_btxt
_2rdacontent
337 _acomputer
_bc
_2rdamedia
338 _aonline resource
_bcr
_2rdacarrier
347 _atext file
_2rdaft
347 _bEPUB
490 1 _aSexto Piso realidades
588 0 _aOnline resource; title from ePub title page (Digitalia, viewed June 10, 2023)
600 1 0 _aBoyer, Anne,
_d1973-
_xHealth.
650 0 _aBreast
_xCancer
_xPatients
_zUnited States
_vBiography.
650 0 _aBreast
_xCancer
_xPatients
_zUnited States
_vBiography.
650 0 _aWomen artists
_zUnited States
_vBiography.
650 0 _aCancer
_xPsychological aspects.
650 0 _aMortality
_xPsychological aspects.
650 0 _aLiterature
_xPsychology.
700 1 _aGonzalo de Jesús, Patricia,
_d1978-
_etranslator.
700 1 _iTranslation of:
_aBoyer, Anne,
_d1973-
_tUndying.
791 2 _aDigitalia (Firm),
_edistributor.
793 0 _gDigitalia eBook Collection:
_aEditorial Sexto Piso
776 0 8 _iPrint version:
_aBoyer, Anne, 1973-
_sUndying. Spanish (Gonzalo de Jesús).
_tDesmorir.
_bPrimera edición.
_dMadrid, España : Sexto Piso, [2021]
_z9788417517885
830 0 _aSexto Piso realidades.
856 4 0 _3Digitalia Hispánica
_uhttps://www.digitaliapublishing.com/a/81368/
910 _aPremium collection: 2023
942 _cRAA
999 _c265300
_d265300